Fjorde Norwegens - mit Karte - Statistiken

Allgemein
  • Dieses Quiz wurde 81 mal gespielt
  • Das Durchschnittsergebnis liegt bei 4 aus 12
Antworten auf der Karte
Die Antworten werden auf der Karte rot bzw. grün angezeigt, abhängig davon wie oft sie richtig erraten wurden.
 
Antwortstatistiken
Antwort Länge in km % Korrekt
O {Oslo}fjord 100
85%
S {Sogne}fjord 205
70%
T {Trondheim}fjord 130
53%
H {Hardanger}fjord 179
50%
N {Nord}fjord 106
42%
V {Vest}fjord 155
25%
P {Porsanger}fjord 123
17%
L {Lyngen}fjord 121
15%
V {Varanger}fjord 100
15%
S {Stor}fjord 110
10%
K {Kvænangen}fjord 117
8%
U {Ulls}fjord 110
7%
Keine übereinstimmenden Quizze gefunden
Verteilung der Resultate
Anzahl Personen mit jedem Resultat
Perzentil nach korrekt beantworteten Fragen
Ihre Resultats-Entwicklung
Sie haben dieses Quiz noch nicht gespielt